Orientación vocacional y profesional en colegios de bajo nivel socioeconómico: percepciones de orientadores y estudiantes

Saved in:
Bibliografiske detaljer
Institution som forfatter: Consejo Superior de Educación de Chile (Author)
Format: Bog
Sprog:spansk
Udgivet: Santiago Consejo Superior de Educación de Chile 2008
Serier:Calidad de la Educación, 28
Fag:
Tags: Tilføj Tag
Ingen Tags, Vær først til at tagge denne postø!

MARC

LEADER 00000cam a2200000 a 4500
001 UCI9689
003 CL-VaPUC
008 081128e20080000CL |||||||||||||||||spa|d
082 0 4 |a 371.425  |b CON  |2 21 
110 2 |a Consejo Superior de Educación de Chile  |e author  |9 533574 
245 1 0 |a Orientación vocacional y profesional en colegios de bajo nivel socioeconómico: percepciones de orientadores y estudiantes 
300 |a 41 p 
942 |c BK 
945 |d 20081128 00:00:00  |a jtorresc 
260 |a Santiago  |b Consejo Superior de Educación de Chile  |c 2008 
650 0 |a Orientación profesional   |9 308504 
650 0 |a Orientación vocacional  |9 255692 
650 7 |a ORIENTACION EDUCACIONAL  |2 CL-VaPUC  |9 312512 
583 |a last modification  |c 20111003 01:03:57  |k Rodrigo Vera 
490 0 |a Calidad de la Educación, 28 
999 |c 332172  |d 332170 
952 |0 0  |1 0  |4 0  |6 371_425000000000000_CON_2008  |7 0  |8 A  |9 419603  |a BIBEDU  |b BIBEDU  |d 2019-11-22  |i 4501799  |o 371.425 CON 2008  |p 4501799  |r 2019-11-22  |w 2019-11-22  |y BK  |k EBA 
952 |0 0  |1 0  |4 0  |6 371_425000000000000_CON_2008  |7 0  |8 A  |9 419604  |a BIBEDU  |b BIBEDU  |d 2019-11-22  |i 4693396  |o 371.425 CON 2008  |p 4693396  |r 2019-11-22  |w 2019-11-22  |y BK  |k EPE